Sports Quiz

Random Sports or NBA Quiz

NBA 60-Point Club Quiz Stats

Quiz not verified by Sporcle

Challenge
Share
Tweet
Embed
Score 0/22 Timer 10:00
0 Plays Today
Hint Answer % Correct
Record: 81 PointsKobe Bryant
99.7%
Record: 100 PointsWilt Chamberlain
98%
Record: 69 PointsMichael Jordan
90.4%
Record: 61 PointsLeBron James
86.3%
Record: 71 PointsDavid Robinson
75.4%
Record: 63 PointsJerry West
75.4%
Record: 73 PointsDavid Thompson
71.7%
Record: 60 PointsLarry Bird
71.3%
Record: 61 PointsShaquille O'Neal
68.9%
Record: 62 PointsCarmelo Anthony
64.2%
Record: 71 PointsElgin Baylor
62.8%
Hint Answer % Correct
Record: 60 PointsAllen Iverson
60.8%
Record: 61 PointsKarl Malone
57.3%
Record: 62 PointsTracy McGrady
52.2%
Record: 63 PointsGeorge Gervin
46.4%
Record: 68 PointsPete Maravich
41.6%
Record: 64 PointsRick Barry
36.2%
Record: 60 PointsBernard King
32.8%
Record: 60 PointsGilbert Arenas
31.4%
Record: 61 PointsGeorge Mikan
27%
Record: 60 PointsTom Chambers
17.7%
Record: 63 PointsJoe Fulks
13.7%

You're not logged in!

Compare scores with friends on all Sporcle quizzes.
Sign Up with Email
OR
Log In

You Might Also Like...

Show Comments

Extras

Top Quizzes Today


Score Distribution

Your Account Isn't Verified!

In order to create a playlist on Sporcle, you need to verify the email address you used during registration. Go to your Sporcle Settings to finish the process.

Report this User

Report this user for behavior that violates our Community Guidelines.

Details: